<?xml version="1.0" encoding="UTF-8"?>
<record
    xmlns:xsi="http://www.w3.org/2001/XMLSchema-instance"
    xsi:schemaLocation="http://www.loc.gov/MARC21/slim http://www.loc.gov/standards/marcxml/schema/MARC21slim.xsd"
    xmlns="http://www.loc.gov/MARC21/slim">

  <leader>01300    a2200217   4500</leader>
  <controlfield tag="001">37603</controlfield>
  <controlfield tag="005">20260407155643.0</controlfield>
  <controlfield tag="008">260407a1996    arg                 spa d</controlfield>
  <controlfield tag="003">AR-UNSa-BCEJYS</controlfield>
  <datafield tag="040" ind1=" " ind2=" ">
    <subfield code="a">AR-UNSa-BCEJYS</subfield>
    <subfield code="b">spa</subfield>
    <subfield code="c">AR-UNSa-BCEJYS</subfield>
  </datafield>
  <datafield tag="080" ind1=" " ind2=" ">
    <subfield code="a">658.82</subfield>
    <subfield code="x">Promoci&#xF3;n de ventas
</subfield>
  </datafield>
  <datafield tag="245" ind1="1" ind2="0">
    <subfield code="a">Marketing Estrat&#xE9;gico</subfield>
  </datafield>
  <datafield tag="020" ind1=" " ind2=" ">
    <subfield code="a">84-481-1611-9</subfield>
  </datafield>
  <datafield tag="250" ind1=" " ind2=" ">
    <subfield code="a">3a. ed</subfield>
  </datafield>
  <datafield tag="264" ind1=" " ind2="1">
    <subfield code="a">Madrid :</subfield>
    <subfield code="b">McGraw-Hill</subfield>
    <subfield code="c">1996</subfield>
  </datafield>
  <datafield tag="300" ind1=" " ind2=" ">
    <subfield code="a">610 p.</subfield>
    <subfield code="c">23 cm.</subfield>
  </datafield>
  <datafield tag="505" ind1=" " ind2=" ">
    <subfield code="a">1. El marketing en la empresa y en la econom&#xED;a - 2. El marketing en periodo de crisis y de turbulencia - 3. El marketing y la satisfacci&#xF3;n de las necesidades - 4. El comportamiento de elecci&#xF3;n del comprador - 5. Los comportamientos de respuesta del comprador - 6. El an&#xE1;lisis de las necesiades a trav&#xE9;s de la segmentaci&#xF3;n - 7. El an&#xE1;lisis del atractivo del mercado de referencia - 8. El an&#xE1;lisis de la competitividad de la empresa - 9. La elecci&#xF3;n de una estrategia de marketing - 10. El desarrollo por el lanzamiento de nuevos productos - 11. Las decisiones estrategicas de distribuci&#xF3;n - 12. Las decisiones estrategicas de precio - 13. Las decisiones estrategicas de comunicaci&#xF3;n - 14. El plan estrategico de marketing.</subfield>
  </datafield>
  <datafield tag="942" ind1=" " ind2=" ">
    <subfield code="c">BK</subfield>
  </datafield>
  <datafield tag="590" ind1=" " ind2=" ">
    <subfield code="a">niveau_biblio:m niveau_hierar:0</subfield>
  </datafield>
  <datafield tag="100" ind1="1" ind2=" ">
    <subfield code="a">Lambin, Jean- Jacques</subfield>
  </datafield>
  <datafield tag="999" ind1=" " ind2=" ">
    <subfield code="c">2775</subfield>
    <subfield code="d">2775</subfield>
  </datafield>
  <datafield tag="952" ind1=" " ind2=" ">
    <subfield code="0">0</subfield>
    <subfield code="1">0</subfield>
    <subfield code="4">0</subfield>
    <subfield code="7">0</subfield>
    <subfield code="a">BCEJYS</subfield>
    <subfield code="b">BCEJYS</subfield>
    <subfield code="c">16</subfield>
    <subfield code="d">2026-04-07</subfield>
    <subfield code="l">0</subfield>
    <subfield code="o">658.82 L224 3ed.</subfield>
    <subfield code="p">L69698</subfield>
    <subfield code="r">2026-04-07 15:56:43</subfield>
    <subfield code="w">2026-04-07</subfield>
    <subfield code="y">L</subfield>
  </datafield>
</record>
